000
00306nam a22001217a 4500
082
_a
624.1517
_b
KOC/TE
100
_a
Kochher,C.I
_9
666
245
_a
A Text Book of Surveying, SI. Units
250
_a
11 th
260
_a
New Delhi
_b
Dhanpat Rai Publishing Company (P) Ltd
_c
2010
300
_a
555
942
_c
BK
999
_c
14413
_d
14413